| 000 | 01251cpcaa2200301 a 4500 | ||
|---|---|---|---|
| 001 | mm 87011221 | ||
| 003 | DLC | ||
| 005 | 20260227111722.0 | ||
| 008 | 870806|||||||||||| eng | ||
| 010 | _amm 87011221 | ||
| 040 |
_aDLC _cDLC _edacs _dDLC |
||
| 072 | 7 |
_aA _2lcmd |
|
| 100 | 1 |
_aAshley, Frederick William, _d1863-1942. |
|
| 245 | 0 | 0 |
_aFrederick William Ashley papers, _f1822-1941 _g(bulk 1913-1926). |
| 300 |
_a2 _fitems. |
||
| 300 |
_a1 _fcontainer. |
||
| 300 |
_a0.4 _flinear feet. |
||
| 506 | 0 | _aOpen to research. | |
| 520 | 8 | _aDiary and scrapbook containing handwritten entries, chronologies, clippings, obituaries, and memorabilia relating to Ashley's career at the Library of Congress and to his personal life. | |
| 545 | 0 | _aAssistant Librarian of Congress and chief of the Library of Congress Order Division. | |
| 546 | _aCollection material in English. | ||
| 580 | _aForms part of: Library of Congress Archives. | ||
| 610 | 2 | 0 | _aLibrary of Congress. |
| 610 | 2 | 0 |
_aLibrary of Congress _xOfficials and employees. |
| 656 | 7 |
_aLibrarians. _2itoamc |
|
| 999 |
_c44171 _d44171 |
||